000 00508nam a2200169 a 4500
001 000028537
005 20200930055010.0
008 090907s1978 dr 000 0 spa d
040 _aDO-SdBNP
_bspa
_cBNPHU
082 _bT233p
100 1 _aTaveras Guzmán, Juan Arístides
_919961
245 1 0 _aPor los fueros del Cibao /
_cJuan Arístides Taveras Guzmán.
260 _aSanto Domingo :
_bEditora Padilla,
_c[1978].
300 _av, 261 p. ;
_c21 cm.
590 _aUn ejemplar autografiado
049 _aBNPD
999 _c28029
_d28029